000 00317nam a22001337a 4500
008 181106b xxu||||| |||| 00| 0 eng d
020 _a9780070581029
041 _aeng
080 _a336
100 _a52
101 _aMAN
245 _aItefrated Processs Mnagement A quality Model
_cSlater.S
942 _2udc
_cBK
999 _c51972
_d51972